| 000 | 00805cam a2200229 a 4500 | ||
|---|---|---|---|
| 001 | 1932308 | ||
| 005 | 20250725094706.0 | ||
| 008 | 860304t19861978nyu d 000 0 eng | ||
| 020 |
_a0446370290 _qpbk. |
||
| 020 |
_a9780446370295 _q(pbk.) |
||
| 050 | 0 | 0 |
_aPE1591 _b.R64 1986 |
| 082 | 0 | 0 |
_a423/.1 _219 |
| 100 | 1 |
_aRodale, J. I. _q(Jerome Irving), _d1898-1971. |
|
| 245 | 1 | 4 |
_aThe synonym finder / _cJ.I. Rodale ; completely revised by Laurence Urdang, editor in chief, and Nancy LaRoche, managing editor, editors, Faye C. Allen ... [et al.]. |
| 250 | _aWarner Books ed. | ||
| 260 |
_aNew York, NY : _bWarner Books, _c1986, c1978. |
||
| 300 |
_a1361 p. ; _c23 cm. |
||
| 650 | 0 |
_aEnglish language _xSynonyms and antonyms. |
|
| 700 | 1 | _aUrdang, Laurence. | |
| 700 | 1 | _aLaRoche, Nancy. | |
| 942 |
_2lcc _cBK _n0 |
||
| 999 |
_c7161 _d7161 |
||